Stutthof

Bibliographic Details
Main Author: Beláková, Judita, 1962- (Author)
Format: Article
Language:Slovak
Subjects:

MARC

LEADER 00000cab a2200000 a 4500
001 vtls000097214
003 SK-MaSNL
005 20260304234332.0
008 111104|1981 xo | || || | 0| slo
015 |a SNBRB19rr/mm-uuuuu 
035 |a CL0107317 
040 |a SNKBUCL  |b slo  |c SNKBUCL  |e AACR2 
041 0 |a slo 
044 |a xo  |c SK 
080 |a 885.4-1  |2 1981 
100 1 |a Beláková, Judita,  |d 1962-  |4 aut  |9 163528 
245 1 0 |a Stutthof  |c Judita Beláková 
500 |a Číslo z augusta 1981 
650 0 7 |a slovenská poézia  |2 snkbucl  |9 215422 
655 7 |a články z novín a časopisov  |2 snkbucl  |9 267496 
655 7 |a články z odboru literárna veda a krásna literatúra  |2 snkbucl  |9 770045 
773 0 |t Nové slovo mladých  |g Roč. 4, č. 8 (1981), s. 3 
850 |a Slovenská národná knižnica 
852 |a Slovenská národná knižnica 
958 |a RK 
958 |a LX 
992 |a RBX 
999 |c 3203418  |d 3205348